000 00280nam a22001337a 4500
008 170622b xxu||||| |||| 00| 0 eng d
020 _a9789889706128
041 _aeng
080 _a94
100 _a18
101 _aSHH
245 _aHISTORY FICTION
_cXUX.D
942 _2udc
_cBK
999 _c18723
_d18723